000 00311nam a22001337a 4500
008 180227b xxu||||| |||| 00| 0 eng d
020 _a0871875454
041 _aeng
080 _a341
100 _a20
101 _aSHP
245 _aGovernors & Legislatures Contenting Powers
_cRosenthal, A
942 _2udc
_cBK
999 _c43582
_d43582